000
00334 a2200169 4500
001
163154
020
_a
85-02-01524-9
040
_c
Magnum
100
_a
Braz, Julio Emilio
240
1
0
_a
Rua 46
_l
por
245
1
0
_a
Rua 46
300
_a
131
362
0
_a
1997
440
1
_a
Saraiva
697
_a
LITERATURA JUVENIL
942
_c
BK
999
_c
163154
_d
163154